| 000 | 00369nam a2200145Ia 4500 | ||
|---|---|---|---|
| 008 | 240624s9999 xx 000 0 und d | ||
| 041 | _aeng | ||
| 082 | _a158.3 HAL | ||
| 100 | _aHALBUR DUANE A | ||
| 245 | _aDEVELOPING YOUR THEORETICAL ORIENTATION | ||
| 250 | _a(2nd ed.) | ||
| 260 |
_c2011 _aBoston _bPearson |
||
| 300 | _axiv, : 114 : p. : cm. ; 23 | ||
| 365 |
_c _b25 |
||
| 999 |
_c19590 _d19590 |
||